[Event "AUTO-BEG-538"]
[Site "http://www.queenalice.com/game.php?id=1055316"]
[Date "2012.5.2"]
[Round "1"]
[White "scoutgirl"]
[Black "rodrigues"]
[Result "0-1"]
[WhiteElo "1070"]
[BlackElo "1005"]

1. e4 Nf6 2. Nc3 e5 3. Nf3 Bd6 4. h4 h5 5. Nb5 Bb4 6. Nxe5 O-O 7. Rh3 Nxe4 8. c3
Bc5 9. f3 Nf6 10. Bc4 c6 11. Nd6 Qe7 12. Qe2 Bxd6 13. Bxf7+ Kh8 14. Ng6+ Kh7 15.
Nxe7 Rxf7 16. Nf5 Bf8 17. Qd3 g6 18. Nd4 Re7+ 19. Kf1 d6 20. Rg3 Bf5 21. Qc4 d5
22. Qb4 Rd7 23. Qxf8 Ng8 24. Qa3 Bd3+ 25. Kf2 b6 26. Ne6 Na6 27. Ng5+ Kh8 28.
Qxa6 Bxa6 29. d4 Nf6 30. a4 Re7 31. Bf4 Rae8 32. Bd6 Re2+ 33. Kf1 Re1+ 0-1

[Event "AUTO-BEG-538"]
[Site "http://www.queenalice.com/game.php?id=1055317"]
[Date "2012.5.2"]
[Round "1"]
[White "rodrigues"]
[Black "scoutgirl"]
[Result "1-0"]
[WhiteElo "1025"]
[BlackElo "1079"]

1. e4 e5 2. Bc4 Nh6 3. Nf3 d6 4. Nc3 Nc6 5. h4 g5 6. hxg5 Ng4 7. Bb5 a6 8. Bxc6+
bxc6 9. b3 h6 10. Rh4 Bg7 11. gxh6 Bxh6 12. d3 d5 13. exd5 cxd5 14. Ba3 Bg7 15.
Rxh8+ Bxh8 16. Nd2 Nh2 17. Qh5 Ng4 18. Qxh8+ Kd7 19. Qxd8+ Kxd8 20. Ke2 d4 21.
Na4 Nh2 22. Rh1 Ng4 23. Rh8+ Kd7 24. Rh7 Bb7 25. Rxf7+ Kc6 26. f3 Nh6 27. Rf6+
1-0

[Event "AUTO-BEG-539"]
[Site "http://www.queenalice.com/game.php?id=1056122"]
[Date "2012.5.4"]
[Round "1"]
[White "scoutgirl"]
[Black "LeandroJunio"]
[Result "0-1"]
[WhiteElo "1096"]
[BlackElo "1616"]

1. e4 e5 2. Bc4 Nf6 3. d3 Nc6 4. Nf3 Bc5 5. Ng5 O-O 6. Qf3 d6 7. Nc3 Ng4 8. Nh3
Nf6 9. Ng5 Qe7 10. Bxf7+ Rxf7 11. Nxf7 Qxf7 12. Nb5 Bg4 13. Qg3 h5 14. h3 Be6
15. c4 Rf8 16. a4 Nxe4 17. dxe4 Bxf2+ 18. Qxf2 Qxf2+ 19. Kd1 Nd4 20. Nxc7 Qe2#
0-1

[Event "AUTO-BEG-539"]
[Site "http://www.queenalice.com/game.php?id=1056123"]
[Date "2012.5.4"]
[Round "1"]
[White "LeandroJunio"]
[Black "scoutgirl"]
[Result "0-1"]
[WhiteElo "1561"]
[BlackElo "1154"]

1. e4 e5 2. Nf3 d6 3. Nc3 Be7 4. d4 exd4 5. Nxd4 c5 6. Nf3 Nf6 7. Bc4 b6 8. Bf4
Nh5 9. Be3 Nc6 10. Nd5 Nf6 11. Ng5 Na5 12. Nxf6+ Bxf6 13. Nxf7 Qe7 14. Bb5+ Kxf7
15. Qd5+ Be6 16. Qd3 Rad8 17. c3 h5 18. O-O Ra8 19. a3 Nb3 20. Rad1 a5 21. Qxd6
Rhd8 22. Qxb6 Rab8 23. Qa6 Ra8 24. Qc6 Rac8 25. Rd7 Bxd7 26. Qd5+ Be6 27. Qxh5+
g6 28. Qh7+ Bg7 29. Bh6 Rg8 30. Bd3 Nd2 31. Rd1 Nb3 32. e5 c4 33. Qxg6+ Kf8 34.
Bf5 Qe8 35. Bxg7+ Rxg7 36. Qxe8+ Kxe8 37. Bxe6 Rc6 38. Bd7+ Rxd7 39. Re1 Rd2 0-1

[Event "AUTO-BEG-539"]
[Site "http://www.queenalice.com/game.php?id=1056124"]
[Date "2012.5.4"]
[Round "1"]
[White "scoutgirl"]
[Black "TorresR"]
[Result "0-1"]
[WhiteElo "1068"]
[BlackElo "1442"]

1. e4 d5 2. d4 c5 3. dxc5 Nc6 4. exd5 Nb4 5. Be3 Nxd5 6. c4 Qa5+ 7. Bd2 Qxc5 8.
cxd5 Qxd5 9. Nc3 Qd8 10. Bb5+ Bd7 11. Qf3 a6 12. Qxb7 axb5 13. Nf3 e6 14. Ne5
Nf6 15. Nxb5 Bxb5 16. Qxb5+ Nd7 17. Bg5 f6 18. Nf3 Bc5 19. Rc1 fxg5 20. Rxc5 O-O
21. Rxg5 Rb8 22. Qa4 Rxb2 23. a3 Rb1+ 24. Ke2 Rxh1 25. Qd4 e5 26. Nxe5 Nxe5 27.
Qxe5 Qd1+ 28. Ke3 Re1# 0-1

[Event "AUTO-BEG-539"]
[Site "http://www.queenalice.com/game.php?id=1056125"]
[Date "2012.5.4"]
[Round "1"]
[White "TorresR"]
[Black "scoutgirl"]
[Result "1-0"]
[WhiteElo "1404"]
[BlackElo "1071"]

1. e4 e5 2. d4 f6 3. dxe5 fxe5 4. f4 exf4 5. Nf3 d5 6. e5 Be6 7. Nc3 Nc6 8. Bb5
Bd7 9. Qxd5 Nge7 10. Qd3 a6 11. Bxc6 bxc6 12. e6 Bxe6 13. Qe4 Bf5 14. Qxf4 h6
15. Bd2 Ng6 16. Qxf5 Ne7 17. Qe6 a5 18. Ne5 Rb8 19. Qf7# 1-0

[Event "AUTO-BEG-532"]
[Site "http://www.queenalice.com/game.php?id=1091259"]
[Date "2012.8.7"]
[Round "2"]
[White "scoutgirl"]
[Black "DeomoNNio"]
[Result "1-0"]
[WhiteElo "1094"]
[BlackElo "1862"]

1. d3 e5 2. e4 Nc6 3. g4 Bc5 4. Nh3 d6 5. Bg5 f6 6. Bh4 h6 7. Nc3 a6 8. Nd5 Be6
9. Nc3 Nge7 10. a3 Qd7 11. f4 Bxg4 12. Qd2 Bxh3 13. Bg2 Bxg2 14. Qxg2 g5 15.
fxg5 hxg5 16. Bg3 O-O-O 17. Na4 Ba7 18. c4 Nd4 19. Bf2 Qxa4 20. Kd2 Nb3+ 21. Ke2
Bxf2 22. Qxf2 Nxa1 23. Rxa1 Qc2+ 24. Kf1 Qxf2+ 25. Kxf2 Rxh2+ 26. Kg3 Rdh8 27.
b4 R8h3+ 28. Kg4 Rxd3 29. b5 1-0

[Event "AUTO-BEG-532"]
[Site "http://www.queenalice.com/game.php?id=1091260"]
[Date "2012.8.7"]
[Round "2"]
[White "DeomoNNio"]
[Black "scoutgirl"]
[Result "0-1"]
[WhiteElo "1832"]
[BlackElo "1124"]

1. e4 Nf6 2. e5 Ne4 3. d3 Nc5 4. Nf3 e6 5. Be2 Nc6 6. O-O d5 7. Bd2 b5 8. Nc3 b4
9. Nb1 a5 10. d4 Ne4 11. Bb5 Bd7 12. Be3 Rb8 13. Ba4 Na7 14. Bxd7+ Qxd7 15. Nbd2
Nxd2 16. Nxd2 Rb5 17. f4 Nc6 18. Qg4 f5 19. exf6 gxf6 20. Qh5+ Kd8 21. Qe2 Na7
22. c4 dxc4 23. Nxc4 Nc6 24. b3 Rg8 0-1